Score 0/20 Timer 08:00
0 Plays Today
% Correct
Bamm Bamm
87.3%
Morticia
70.8%
Dipsy
68.1%
Milhouse
61.8%
Fonzie
58.7%
Uhura
50%
JD
48.5%
Bo
47.3%
Cartman
47.2%
Eddard
43.7%
% Correct
Fry
41.8%
Kermit
37.7%
Buffy
36.9%
Sawyer
29.4%
Dr. Melfi
27.4%
SpongeBob
26.2%
Sylar
22.3%
Sookie
18.9%
Apollo
12.7%
Jax
10.4%
Remove Ads.
Support Sporcle.
Get the best of Sporcle when you Go Orange. This ad-free experience offers more features, more stats, and more fun while also helping to support Sporcle. Thank you for becoming a member.

You're not logged in!

Compare scores with friends on all Sporcle quizzes.
OR
Log In

Show Comments

Extras

Top Quizzes Today


Score Distribution

Your Account Isn't Verified!

In order to create a playlist on Sporcle, you need to verify the email address you used during registration. Go to your Sporcle Settings to finish the process.

Report this User

Report this user for behavior that violates our Community Guidelines.

Details: